Visitacion del hoy / (Registro nro. 19923)

Detalles MARC
000 -CABECERA
Longitud fija campo de control 00581nam a2200193 a 4500
003 - • IDENTIFICADOR DELl NÚMERO DE CONTROL
Identificador del número de control CO-ViMGA
008 - • CÓDIGOS DE INFORMACIÓN DE LONGITUD FIJA
Códigos de información de longitud fija 141112s2004 ck r 000 u spa d
020 ## - • NÚMERO INTERNACIONAL NORMALIZADO PARA LIBROS
Número Internacional Normalizado para Libros (ISBN) 9588052009
040 ## - FUENTE DE LA CATALOGACIÓN
Centro catalogador de origen CO-ViMGA
Lengua de catalogación spa
Centro transcriptor CO-ViMGA
082 04 - • NÚMERO DE LA CLASIFICACIÓN DECIMAL DEWEY
Número de clasificación (R) Co861.44 T67v
100 1# - • PUNTO DE ACCESO PRINCIPAL-NOMBRE DE PERSONA
Nombre de persona Torres Duque, Oscar
245 10 - • TITULO PROPIAMENTE DICHO
Título Visitacion del hoy /
Mención de responsabilidad, etc. Torres Duque Oscar
300 ## - • DESCRIPCIÓN FÍSICA
Extensión 139 p.
590 ## - NOTAS LOCALES
Nota local Forma de adquisición : DONACION - - Proveedor : BIBLIOTECA LUIS Ángel ARANGO
650 14 - • PUNTO DE ACCESO ADICIONAL DE MATERIA - TÉRMINO DE MATERIA
Término de materia o nombre geográfico como elemento inicial POESIA COLOMBIANA - SIGLO XX
942 ## - ENTRADA DE ELEMENTOS AGREGADOS (KOHA)
Fuente de clasificaión o esquema Dewey Decimal Classification
Koha [por defecto] tipo de item LIbro
Existencias
Perdido Fuente de clasificación o esquema Estado Físico No para préstamo Forma de adquisición Localización permanente Localización actual Fecha adquisición Serie de enumeración / cronolog&íacute;a Préstamos totales Signatura completa Código de barras Fecha última consulta Número de copia Fecha del precio de reemplazo Tipo de item de Koha Número de registro Localización en estanterías
  Dewey Decimal Classification     Colección General Biblioteca Pública Puerto López - Jorge Eliecer Gaitán Biblioteca Pública Puerto López - Jorge Eliecer Gaitán 09/03/2025     Co861.44 T67v PLZ02847 09/03/2025 Ej.1 09/03/2025 LIbro   General
  Dewey Decimal Classification     Colección General Biblioteca Pública San Carlos de Guaroa - Eduardo Carranza Biblioteca Pública San Carlos de Guaroa - Eduardo Carranza 07/01/2025     Co861.44 T67v SG03433 07/01/2025 Ej.1 07/01/2025 LIbro   General
  Dewey Decimal Classification     Sala General Segundo Piso Biblioteca Pública Germán Arciniegas - Villavicencio Biblioteca Pública Germán Arciniegas - Villavicencio 12/04/2015 Volumen. 1 | 11/jun/2009   Co861.44 T67v 8108 12/04/2015 Ej. 1 12/04/2015 LIbro    
  Dewey Decimal Classification       Biblioteca Pública Vistahermosa Biblioteca Pública Vistahermosa 05/14/2025     Co861.44 T67v VIST 0002053 05/14/2025 Ej.1 05/14/2025 LIbro P TOR1  









Instituto Departamental de Cultura del Meta - Red Departamental de Bibliotecas Públicas del Meta.